[Event "Cappelle op 31st"]
[Site "Cappelle la Grande"]
[Date "2015.03.06"]
[Round "8"]
[White "Sumets, Andrey"]
[Black "Lalic, Bogdan"]
[Result "1/2-1/2"]
[WhiteElo "2574"]
[BlackElo "2483"]
[Annotator "RR"]
[PlyCount "39"]
[EventDate "2015.02.28"]
[EventType "swiss"]
[EventRounds "9"]
[EventCountry "FRA"]
[SourceTitle "EXT 2016"]
[Source "ChessBase"]
[SourceDate "2015.10.08"]
[SourceVersion "1"]
[SourceVersionDate "2015.10.08"]
[SourceQuality "1"]

1. d4 Nf6 2. c4 e6 3. Nf3 d5 4. Nc3 Be7 5. Bf4 O-O 6. e3 Nbd7 7. Be2 dxc4 8.
Bxc4 (8. O-O c5 9. dxc5 Nxc5 10. Bxc4 Qxd1 11. Rfxd1 b6 12. Bd6 Bxd6 13. Rxd6
Bb7 14. Rad1 Bxf3 15. gxf3 Rfc8 16. Bf1 g6 17. Bg2 Rab8 18. f4 b5 19. Ne2 Nce4
20. R6d4 Nc5 21. Bf3 Kf8 22. Kg2 h6 23. b3 a6 24. h3 Ke7 25. e4 Kf8 26. Ng3 Ng8
27. Rd6 a5 28. f5 gxf5 29. exf5 Ne7 30. Bg4 Nd5 31. fxe6 Nf4+ 32. Kf3 Ncxe6 33.
Ne4 a4 34. Rd7 Rb6 35. Bxe6 Nxe6 36. h4 axb3 37. axb3 Nc5 {So,W (2762)
-Radjabov,T (2734) Wijk aan Zee 2015 1/2-1/2}) 8... c5 9. O-O a6 10. a4 cxd4
11. Qxd4 Nb6 12. Be2 $146 (12. Bb3 $142 Qxd4 13. Nxd4 Bd7 14. a5 Nbd5 15. Nxd5
Nxd5 16. Bxd5 exd5 17. Rfc1 Rac8 18. Bc7 Bf6 19. Bd6 Rxc1+ 20. Rxc1 Rc8 21.
Rxc8+ Bxc8 22. f3 h5 23. Kf2 g5 24. b3 Bxd4 25. exd4 Kg7 26. Be7 f6 27. g3 Bf5
28. h4 gxh4 29. gxh4 Bc2 30. b4 Kf7 31. Bd8 Ke6 32. Ke3 Kf5 {1/2-1/2 (32)
Georgiev,K (2671)-Berkes,F (2682) Skopje 2012}) 12... Qxd4 13. Nxd4 Nbd5 14.
Nxd5 Nxd5 $11 15. Bg3 Bd7 16. Rfd1 (16. Bf3) 16... Rfd8 17. Bf3 Be8 18. b3 Rac8
19. Rac1 Ba3 20. Rxc8 1/2-1/2

[Event "Cappelle op 31st"]
[Site "Cappelle la Grande"]
[Date "2015.03.02"]
[Round "3"]
[White "Bachmann, Axel"]
[Black "Rychagov, Andrey"]
[Result "1-0"]
[WhiteElo "2601"]
[BlackElo "2550"]
[Annotator "RR"]
[PlyCount "57"]
[EventDate "2015.02.28"]
[EventType "swiss"]
[EventRounds "9"]
[EventCountry "FRA"]
[SourceTitle "EXT 2016"]
[Source "ChessBase"]
[SourceDate "2015.10.08"]
[SourceVersion "1"]
[SourceVersionDate "2015.10.08"]
[SourceQuality "1"]

1. Nf3 d5 2. c4 e6 3. d4 Nf6 4. Nc3 Be7 5. Bf4 O-O 6. e3 Nbd7 7. cxd5 (7. c5 {
La grande ligne}) 7... Nxd5 8. Nxd5 exd5 9. Bd3 Bb4+ $5 {Malgré la perte
d'une tempo, les Noirs ont du contre-jeu} (9... c5 10. O-O b6 11. dxc5 bxc5 12.
e4 d4 13. Rc1 Nb6 14. Ne5 Bb7 15. Qg4 Qc8 16. Qxc8 Rfxc8 17. Nc4 Nxc4 18. Bxc4
a5 19. f3 a4 20. Kf2 Ba6 21. Ke2 Rc6 22. Kd3 Rb6 23. Rf2 Kf8 24. Bxa6 Raxa6 25.
Rc4 Ke8 26. Rfc2 Kd7 27. Bc1 g6 28. f4 f5 29. Re2 Re6 30. e5 h5 31. g3 Kc6 32.
h3 Kd5 33. Rg2 Reb6 34. h4 Rb5 35. Rgc2 Bd8 36. Bd2 Bb6 37. Bc1 Bd8 38. Re2 Ke6
39. Rec2 {Shirov,A (2696)-Radjabov,T (2733) Riga 2013 1/2-1/2}) 10. Nd2 c5 $1
11. a3 (11. O-O c4 12. Bc2 Nf6 13. b3 b5 $132 {Dreev,A (2655)-Ginsburg,G (2506)
ACP Blitz playchess.com INT 2006 (2) 1-0}) 11... Bxd2+ 12. Qxd2 cxd4 13. exd4
Re8+ 14. Be3 Nb6 15. b3 Qf6 16. O-O $146 (16. Qc2 Qxd4 17. Bxh7+ Kh8 18. O-O
Qh4 19. Bf5 d4 20. Bd2 Re5 21. Bxc8 Rxc8 22. Qd3 Nd7 23. Rac1 Rec5 24. Rxc5
Nxc5 25. Qf5 Rc7 26. Bf4 Rc6 27. Qxf7 Qf6 28. Qe8+ Kh7 29. Be5 Qh4 30. Qf7 Rg6
31. Qf5 Nxb3 32. Qd3 Qg5 33. Bg3 Qd5 34. a4 a5 35. Rd1 Nc5 36. Qxd4 Qxd4 37.
Rxd4 Rb6 38. Kf1 Rb4 39. Rxb4 axb4 40. Ke2 Nxa4 41. Kd3 b3 42. f3 Kg6 43. Be5
b5 44. Bd4 b4 45. g3 Kh6 {Macieja,B (2616)-Hernandez Carmenates,H (2564)
Merida 2011 1/2-1/2}) 16... Bf5 $11 17. Bxf5 Qxf5 18. Rac1 Rec8 (18... Rac8)
19. Rxc8+ Nxc8 20. Rc1 Ne7 (20... Nd6 $5 {[%cal Gd6e4]} 21. Rc7 Qb1+ 22. Rc1
Qxb3) 21. Qa5 Nc6 22. Qc7 Qc8 23. Qg3 Qf5 24. b4 Rc8 (24... Re8 25. h3 a6) 25.
h3 a6 26. Rc5 b6 (26... Qe6) 27. Bh6 g6 28. Rc3 $1 Ne7 $4 {La ronde du matin...
} (28... Qe6 29. Re3 Qd7 30. Qf4 $16 {[%cal Gf4f6]}) 29. Qd6 1-0

[Event "RUS Cup final"]
[Site "Magnitogorsk"]
[Date "2011.11.17"]
[Round "3.1"]
[White "Kovalenko, Igor"]
[Black "Zvjaginsev, Vadim"]
[Result "1/2-1/2"]
[WhiteElo "2584"]
[BlackElo "2680"]
[Annotator "RR"]
[PlyCount "153"]
[EventDate "2011.11.13"]
[EventType "k.o."]
[EventRounds "4"]
[EventCountry "RUS"]
[SourceTitle "CBM 146"]
[Source "ChessBase"]
[SourceDate "2012.01.18"]
[SourceVersion "1"]
[SourceVersionDate "2012.01.18"]
[SourceQuality "1"]

1. d4 d5 2. c4 e6 3. Nc3 Be7 4. Nf3 Nf6 5. Bf4 O-O 6. e3 Nbd7 7. Qc2 c5 8. Rd1
Qa5 9. Nd2 cxd4 10. exd4 Nh5 11. Be3 Ndf6 12. Be2 g6 13. O-O Ng7 14. Bf4 dxc4
15. Nxc4 Qf5 16. Qc1 Nd5 17. Be5 Qg5 18. f4 Qh6 19. Rd3 b5 $6 (19... f6 20. Rh3
Nh5 $16) 20. Ne3 Nxe3 21. Rxe3 f6 22. Bc7 $6 (22. Rh3 Nh5 23. Bc7 $18) 22...
Nf5 $16 23. Rh3 Qg7 24. Bf3 Ba6 25. Bxa8 Rxa8 26. Ne2 Bb7 27. Ba5 Bd6 28. Qd2
Re8 29. Bb4 Bb8 30. Nc3 Qd7 31. Rd3 Bc7 32. a3 Nxd4 33. Bc5 e5 34. fxe5 fxe5
35. Qh6 Bd6 36. Bxd6 Qxd6 37. Rh3 Qe7 38. Rg3 Qg7 39. Qxg7+ Kxg7 40. Re3 Nf5
41. Re2 Nd4 42. Rd2 Re7 43. Re1 Kf6 44. Rf2+ Kg7 45. Rf4 e4 46. Nd1 Nc2 47. Re2
Nd4 48. Re1 Nc2 49. Re2 Nd4 50. Rd2 Nf5 51. Nc3 a6 52. Kf1 h5 53. g3 Ne3+ 54.
Ke2 Nc4 55. Rc2 Nd6 56. Rd2 Nc4 57. Rc2 Nd6 58. Nd1 g5 59. Rf1 e3 60. Rc3 Bd5
61. b3 Ne4 62. Rxe3 Bxb3 63. Rxb3 Nxg3+ 64. Kf2 Nxf1 65. Kxf1 Rc7 66. Ne3 Rc1+
67. Kf2 Ra1 68. Rc3 a5 69. Rb3 Kg6 70. Kf3 Ra2 71. Kg3 a4 72. Rc3 Rb2 73. Rc6+
Kf7 74. Nc2 Rb3+ 75. Kf2 g4 76. Rc5 h4 77. Nd4 1/2-1/2

[Event "Sautron op 14th"]
[Site "Sautron"]
[Date "2014.10.25"]
[Round "7"]
[White "Lagarde, Maxime"]
[Black "Terrieux, Kevin"]
[Result "1-0"]
[WhiteElo "2566"]
[BlackElo "2409"]
[Annotator "RR"]
[PlyCount "41"]
[EventDate "2014.10.26"]
[EventType "swiss"]
[EventRounds "9"]
[EventCountry "FRA"]
[SourceTitle "EXT 2015"]
[Source "ChessBase"]
[SourceDate "2014.11.20"]
[SourceVersion "1"]
[SourceVersionDate "2014.11.20"]
[SourceQuality "1"]
[TimeControl "40/5400+30:1800+30"]
[WhiteClock "0:28:24"]
[BlackClock "0:09:09"]

1. d4 {[%emt 0:00:00]} Nf6 {[%emt 0:00:28]} 2. c4 {[%emt 0:00:00]} e6 {[%emt 0:
00:22]} 3. Nf3 {[%emt 0:00:00]} d5 {[%emt 0:01:08]} 4. Nc3 {[%emt 0:00:00]} Be7
{[%emt 0:00:24]} 5. Bf4 {[%emt 0:00:54]} O-O {[%emt 0:01:57]} 6. e3 {[%emt 0:
00:05]} c5 {[%emt 0:03:24]} 7. dxc5 {[%emt 0:00:12]} Bxc5 {[%emt 0:00:12]} 8.
Qc2 {[%emt 0:02:10]} Nc6 {[%emt 0:10:54]} 9. Rd1 {[%emt 0:06:20]} (9. a3 Qa5
10. O-O-O $13) 9... Qa5 {[%emt 0:08:23]} 10. Be2 {[%emt 0:00:36]} (10. a3 $5 {
[%cal Gb2b4] Un coup d'attente utile} Be7 11. Be2) 10... dxc4 {[%emt 0:09:03]}
(10... Bb4 11. O-O Bxc3 12. bxc3 $14 {Gupta,A (2625)-Negi,P (2631) IND-chA
49th 2011 (13) 1/2}) 11. Bxc4 {[%emt 0:00:09]} a6 {[%emt 0:02:51][%cal Gb7b5]}
(11... Be7 12. O-O a6 13. a3 Nh5 14. Bd6 Bxd6 15. Rxd6 Rd8 16. Rxd8+ Qxd8 17.
Rd1 Qe7 18. Ne4 Nf6 19. Bd3 h6 20. Nd6 Nd5 21. Qc5 Qc7 22. Bb1 b6 23. Qc2 Qxd6
24. Qh7+ Kf8 25. Qh8+ Ke7 26. Qxg7 Bb7 27. e4 Qf4 28. exd5 Rd8 29. Ba2 exd5 30.
h3 Rd7 31. Rxd5 Rxd5 32. Bxd5 Nd8 33. Bxb7 Nxb7 34. Qc3 Nc5 35. Nd2 Qf6 36. Qb4
a5 37. Qb5 Kf8 38. Nc4 Qd4 39. Ne3 Ne6 40. Qe2 a4 41. Nf5 {Kovalenko,I (2650)
-Short,N (2665) Tromsoe 2014 1-0 (61)}) 12. O-O {[%emt 0:02:53]} b5 {[%emt 0:
02:21]} 13. Be2 {[%emt 0:07:56]} Nb4 {[%emt 0:11:12]} 14. Qb1 {[%emt 0:19:30]
Les Blancs sont sortis de la préparation} Nbd5 $146 {[%emt 0:04:44]} (14...
Qb6 15. Ng5 h6 16. Nge4 Nxe4 17. Nxe4 Nd5 18. Nxc5 Nxf4 19. exf4 Qxc5 20. Qe4
Rb8 21. Bd3 g6 22. Rc1 Qd5 23. Qxd5 exd5 24. Rfe1 Kg7 25. Rc7 Rb6 26. Ree7 Re6
27. f3 Kf6 28. Rxe6+ Kxe6 29. Kf2 Kd6 30. Ra7 Kc6 31. Re7 Kd6 32. Ra7 Kc6 33.
Re7 Bd7 34. b4 Kd6 35. Re2 a5 36. bxa5 Ra8 37. Bc2 Rxa5 38. Bb3 b4 39. Ke3 Ba4
40. Kd4 Bxb3 41. axb3 Ra1 42. Rc2 Rd1+ 43. Ke3 Rb1 44. Rc8 {Brondum,E (2175)
-Glud,J (2418) Obro 2006 0-1}) 15. Nxd5 {[%emt 0:03:48]} Nxd5 {[%emt 0:00:07]}
16. Ng5 $36 {[%emt 0:00:40]} g6 {[%emt 0:00:23][%csl Rf6,Rh6]} (16... Nf6 17.
Be5) 17. Bg3 {[%emt 0:02:13]} Bb7 {[%emt 0:04:42]} 18. Bf3 {[%emt 0:09:35]}
Rfd8 {[%emt 0:05:26] Les pièces Noires sont maintenant assez mal placées
pour défendre l'aile-roi} (18... Rac8 19. Ne4) 19. Rc1 {[%emt 0:11:06]} (19.
Qe4 {[%cal Ge4h4]}) 19... Qb6 {[%emt 0:17:20]} 20. Qe4 {[%emt 0:01:38]} Bf8 $2
{[%emt 0:05:30]} (20... Rd7 {[%cal Gd7f7,Ga8d8]}) 21. Bc7 $1 {[%emt 0:02:21]}
1-0

[Event "Sautron op 14th"]
[Site "Sautron"]
[Date "2014.11.01"]
[Round "9"]
[White "Barbot, Pierre"]
[Black "Ider, Borya"]
[Result "1-0"]
[WhiteElo "2446"]
[BlackElo "2392"]
[Annotator "RR"]
[PlyCount "65"]
[EventDate "2014.10.26"]
[EventType "swiss"]
[EventRounds "9"]
[EventCountry "FRA"]
[SourceTitle "EXT 2015"]
[Source "ChessBase"]
[SourceDate "2014.11.20"]
[SourceVersion "1"]
[SourceVersionDate "2014.11.20"]
[SourceQuality "1"]
[TimeControl "40/5400+30:1800+30"]

1. d4 d5 2. Nf3 Nf6 3. c4 e6 4. Nc3 Nbd7 5. Bf4 dxc4 6. e3 a6 {Changeant le
premier par rapport à la partie de la ronde 7} (6... Nb6 {Peric,S (2188)-Ider,
B (2394) Sautron op 14th 2014 (7.8) 0-1}) 7. Bxc4 (7. a4 Bd6 8. Bg5 h6 9. Bh4
b6 10. Bxc4 Bb7 11. O-O O-O 12. Qe2 Be7 13. Rfd1 Ne4 14. Nxe4 Bxh4 15. d5 e5
16. Nxh4 Qxh4 17. Ng3 g6 18. Rac1 Kg7 19. Bd3 Qd8 20. a5 Nf6 21. axb6 cxb6 22.
e4 Qd6 23. Nf1 b5 24. Nd2 Rfc8 25. Bb1 Nd7 26. Qe3 a5 27. g3 a4 28. h4 h5 29.
Nf3 b4 30. Bd3 Rxc1 31. Rxc1 a3 32. bxa3 bxa3 33. Ra1 Qb4 34. Qd2 Qb3 35. Rb1
Qa4 36. Qa2 Ba6 {Aronian,L (2797)-Wang,H (2710) Beijing 2014 1-0 (76)}) 7...
Bd6 $6 $146 (7... b5 8. Bb3 Bb7 9. O-O Be7 10. Qe2 c5 11. Rfd1 Qb6 12. e4 b4
13. dxc5 Nxc5 14. Na4 Qb5 15. Qxb5+ axb5 16. Nxc5 Bxc5 17. Rac1 Nxe4 18. Nd4
O-O 19. f3 Rfd8 20. Be5 Bxd4+ 21. Bxd4 Nf6 22. Bxf6 gxf6 23. Rxd8+ Rxd8 24. Rc5
Bd5 {1/2-1/2 (24) Marin,M (2549)-Rowson,J (2574) Porto Mannu 2013}) 8. Ne5 O-O
9. O-O b5 10. Qf3 $1 Nb6 11. Bb3 $14 Bd7 12. Rac1 b4 13. Ne4 Bb5 $2 (13... Nxe4
) 14. Bg5 $1 $40 Be7 (14... Bxf1 15. Nxf6+ gxf6 16. Bxf6 {[%cal Gf3g3]}) 15.
Bxf6 Bxf6 16. Nc6 Bxc6 17. Nxf6+ Qxf6 18. Qxf6 gxf6 19. Rxc6 $16 {[%csl Rb6,
Rc7,Gd4] La finale est difficile pour les Noirs} a5 20. a4 bxa3 21. bxa3 Rfc8
22. Rfc1 Rab8 (22... Ra7 23. Rxb6) 23. g3 Na8 24. Bd1 Rb5 25. Ra6 Nb6 26. a4
Rb2 $22 27. Rxa5 Nd5 28. Rb5 Rxb5 29. axb5 f5 30. Bf3 Rd8 31. Rc5 Rd7 32. Bxd5
Rxd5 33. Rxd5 1-0

[Event "Hoogeveen Unive Crown 17th"]
[Site "Hoogeveen"]
[Date "2013.10.22"]
[Round "3"]
[White "So, Wesley"]
[Black "Van Kampen, Robin"]
[Result "1-0"]
[WhiteElo "2706"]
[BlackElo "2607"]
[Annotator "Ramirez Alvarez,A"]
[PlyCount "85"]
[EventDate "2013.10.20"]
[EventType "tourn"]
[EventRounds "6"]
[EventCountry "NED"]
[EventCategory "17"]
[SourceTitle "CBM 157"]
[Source "ChessBase"]
[SourceDate "2013.11.12"]
[SourceVersion "1"]
[SourceVersionDate "2013.11.12"]
[SourceQuality "1"]

1. d4 Nf6 2. c4 e6 3. Nf3 d5 4. Nc3 Nbd7 {completely playable, but definitely
not fashionable. Defining the knight so early in the opening has lost ground
to the other Black options, mainly playing a quicker Be7, playing a Semi-Slav
with c6 or a Ragozin with Bb4.} 5. e3 {So chooses a line that is not the most
topical, but simply wants to play chess. With the knight on d7 certain c5
breaks are not as strong, and White retains some pressure in most lines.} Be7
6. b3 O-O 7. Bb2 b6 8. Bd3 Bb7 9. Qc2 c5 10. cxd5 exd5 11. O-O {This position
is more commonly reached with Black to play in White to play in Semi-Slav
formations with a quick c6-c5. However Black didn't have to waste time on the
c6 move first.} Rc8 12. Rac1 Bd6 13. Qe2 Qe7 14. Ba6 Bxa6 15. Qxa6 {it's not
entirely clear that the queen wants to be on a6. After all, a7 is untouchable.}
Nb8 (15... Qe6 16. Rfd1 (16. Qxa7 $4 Ra8 17. Qb7 Rfb8 18. Qc6 Bxh2+ {is the
point of Qe6.}) 16... Rfe8 $11) 16. Qd3 Rfd8 17. Nb5 {This truly exploits the
awkwardness of Nb7. With the dark squared bishop captured it will be easy for
White to determine a good time to liquidate the center and force favorable
trades.} Nc6 18. Nxd6 Qxd6 19. dxc5 bxc5 20. Bxf6 {White exploits the fact
that the queen es tied down to the defense of the c5 pawn.} gxf6 (20... Qxf6
21. Qb5 $1 {wins a pawn.} (21. Rxc5 $2 Ne5 22. Qd4 Nxf3+ 23. gxf3 Qxf3 $11 {
and Black has nothing to fear.})) 21. Rfd1 Ne5 22. Qe2 Nxf3+ 23. Qxf3 {Black's
position is probably acceptable if his pawns on the kingside weren't crippled,
but as it stands his king is too weak. White will use a combination of threats
on the pawns and threats against the king to make progress.} Qe6 24. g3 Kg7 25.
Rd3 d4 26. Rc4 dxe3 27. Rxe3 Qd6 28. b4 $1 {A timely transition.} Qd1+ (28...
cxb4 $2 29. Rxc8 Rxc8 30. Qg4+ {picks up the rook on c8.}) 29. Qxd1 Rxd1+ 30.
Kg2 Rd4 31. Rxc5 Rxc5 32. bxc5 Rc4 33. Ra3 Rxc5 34. Rxa7 {This endgame should
be a draw in most scenarios, but with Black's pawans being crippled the draw
is at least harder to achieve.} Rc2 35. Kf3 Kg6 36. a4 Ra2 37. a5 h6 38. a6 Kf5
39. Ra8 Kg6 40. Ke4 Kg7 41. Kd5 {beautiful timing.} Rxf2 42. Rb8 Ra2 43. Rb6 {
The king simply marches to b7 and pushes the pawn forward. Black's crippled
pawns means that there is no hope for counterplay in the other wing. A clean
game by Wesley So.} 1-0

[Event "EU-ch 8th"]
[Site "Dresden"]
[Date "2007.04.04"]
[Round "2"]
[White "Atalik, Suat"]
[Black "Becker, Martin Alexander"]
[Result "1-0"]
[WhiteElo "2584"]
[BlackElo "2330"]
[Annotator "Reeh,O"]
[PlyCount "47"]
[EventDate "2007.04.03"]
[EventType "swiss"]
[EventRounds "11"]
[EventCountry "GER"]
[SourceTitle "CBM 118"]
[Source "ChessBase"]
[SourceDate "2007.05.31"]
[SourceVersion "1"]
[SourceVersionDate "2007.05.31"]
[SourceQuality "1"]

1. d4 d5 2. c4 e6 3. Nf3 Nf6 4. Nc3 Be7 5. Bf4 O-O 6. Qc2 Nc6 7. e3 Nb4 8. Qd1
dxc4 9. Bxc4 a6 10. O-O b5 11. Be2 Nbd5 12. Nxd5 Nxd5 13. Be5 c5 {Natural, but
now White gets to occupy the central files (13...Bb7!?). Natürlich, doch nun
kommt Weiß dazu, die Zentrallinien zu besetzen (13...Bb7!?).} 14. dxc5 Bxc5 15.
e4 Nf6 16. Qc2 Qb6 17. Rac1 Nd7 18. Bg3 Be7 19. Rfd1 $16 Nf6 20. Ne5 Rd8 21.
Rxd8+ (21. Nc6 Rxd1+ 22. Rxd1 Qb7 23. Nxe7+ Qxe7 24. Bd6 {followed by 25.e5
would have left White with a clear positional plus, but he has greater things
in mind... nebst 25.e5 hätte Weiß ein klares positionelles Plus beschert, doch
er hat Größeres im Sinn...}) 21... Bxd8 {[%tqu "En","How would you continue
with White?","Black's back rank is weak and there is a very tempting
continuation, but not all that glitters is gold...","","c2c8","Looks very
tempting, but there is a catch.  Still, 1 consolation point.",1,"e5c6","Cool! 
You resisted the temptation. After this White is still slightly better.",15,
"De","Wie würden Sie mit Weiß fortsetzen?","Die schwarze Grundreihe ist
schwach und es gibt eine sehr verlockende Fortsetzung, aber es ist nicht alles
Gold was glänzt...","","c2c8","Sieht sehr verlockend aus, hat aber einen Haken.
Trotzdem, 1 Trostpunkt.",1,"e5c6","Cool!   Sie haben der Versuchung
widerstanden. Danach steht Weiß noch immer leicht besser.",15]} 22. Qxc8 $6 {
Looks very tempting, but there is a catch. Sieht sehr verlockend aus, hat aber
einen Haken.} (22. Nc6 {was still slightly better for White. war noch immer
leicht besser für Weiß.}) 22... Rxc8 23. Rxc8 {How can Black defend now
against the threat 24.Nc6? Wie soll sich Schwarz nun gegen 24.Nc6 verteidigen?}
Nxe4 $4 {Throwing the game away. Wirft die Partie weg.} ({After Nach} 23... g5
$1 24. Nc6 Nxe4 25. Nxd8 (25. Rxd8+ $2 Kg7 26. Rc8 Nxg3 27. hxg3 Qb7 $19) 25...
Kg7 {the position would be anything but clear since the white pieces lack
cooperation. wäre die Stellung alles andere als klar, da die weißen Figuren
nicht zusammenwirken.}) {[%tqu "En","Okay, here is your second chance to gain
points in this game. White to play and win!","White can attack the bishop d8 -
but maybe there's something better...?","Choose the right knight move!","e5d7",
"and Black resigned, since after 24...Qa5 25.b4! his queen can't protect the
bishop on d8 anymore.",10,"e5c6","This allows Black to escape with 24...g5!",0,
"De","Okay, hier ist Ihre zweite Chance, in dieser Partie Punkte zu erzielen.
Weiß zieht und gewinnt!","Weiß kann den Läufer d8 angreifen - aber vielleicht
gibt es ja etwas Besseres...?","Wählen Sie den richtigen Springerzug!","e5d7",
"und Schwarz gab auf, denn nach 24...Da5 25.b4! kann seine Dame den Läufer auf
d8 nicht mehr decken.",10,"e5c6","Dies erlaubt Schwarz wieder, mit 24...g5! zu
entschlüpfen.",0]} 24. Nd7 $1 {and Black resigned, since after 24...Qa5 25.b4!
his queen can't protect the bishop on d8 anymore. und Schwarz gab auf, denn
nach 24...Qa5 25.b4! kann seine Dame den Läufer auf d8 nicht mehr decken.} (24.
Nc6 $2 {would have allowed Black to escape with hätte Schwarz dagegen erlaubt,
mit} g5 $1 {zu entschlüpfen.}) 1-0

[Event "Auckland"]
[Site "Auckland"]
[Date "1992.??.??"]
[Round "3"]
[White "Martin, Benjamin"]
[Black "Sarfati, Jonathan D"]
[Result "1-0"]
[WhiteElo "2320"]
[BlackElo "2305"]
[Annotator "Rogers,I"]
[PlyCount "73"]
[EventDate "1992.??.??"]
[EventType "tourn"]
[EventRounds "11"]
[EventCountry "NZL"]
[EventCategory "5"]
[SourceTitle "CBM 029 Extra"]
[Source "ChessBase"]
[SourceDate "1992.09.01"]
[SourceVersion "1"]
[SourceVersionDate "1992.09.01"]
[SourceQuality "1"]

1. d4 Nf6 2. Nf3 d5 3. c4 e6 4. Nc3 Be7 5. e3 $5 O-O 6. Bd3 $5 {At first
glance this is a rather wimpish way to play the opening - why not 5.Bg5, for
example? - but Martin knows Sarfati well and feels that he will be
uncomfortable in a Queen's Gambit Accepted opening to which the game now
transposes.} dxc4 7. Bxc4 c5 8. O-O a6 9. Qe2 b5 10. Bd3 Bb7 11. Rd1 $6 {
This is taking psychology too far.} (11. dxc5 {/\12.Rd1 was correct.}) 11...
cxd4 12. exd4 b4 13. Ne4 Nxe4 14. Bxe4 Bxe4 15. Qxe4 Nd7 16. Bf4 Nf6 17. Qe2
Nd5 18. Be5 Qa5 19. Rd3 Rfc8 20. h4 $1 Rc6 {At first sight Black seems to have
complete control of the game and is ready to begin an invasion down the c file.
Now, however, Martin's tactical flair comes to the fore and he manages to
create counterplay out of thin air.} 21. Bxg7 $3 Kxg7 $2 {Played after long
thought.} ({Sarfati simply refused to believe in the soundness of White's
attack and therefore could not bring himself to play} 21... Nf4 $1 22. Qe4 Nxd3
23. Qxc6 Qd5 $1 {with a slight endgame advantage.}) 22. Ne5 Rc7 $2 {The
decisive error in a difficult position.} (22... Qc7 {was necessary, although
White keeps an edge after} 23. Rg3+ Kf8 24. Qg4 Ke8 25. Qg8+ Bf8 26. Nxc6 Qxc6
27. Qxh7) 23. Rg3+ Kf8 24. Qg4 Ke8 25. Nxf7 $3 Kxf7 26. Qh5+ Kf8 27. Rf3+ Bf6 (
{Unfortunately,} 27... Kg8 {loses to} 28. Rf7 {and if} Nf6 29. Qxa5 {wins.
After the text move the pin along the fifth rank is again decisive.}) 28. Rxf6+
$1 Kg8 29. Rxe6 Qb5 30. Re5 Rd7 31. Rae1 Qc6 32. Rg5+ $1 Kf8 33. Qf3+ $1 Rf7
34. Qxd5 Qxd5 35. Rxd5 Rc8 36. Rc5 Rd8 37. Re4 1-0